000 00806nam a2200277 i 4500
003 DO-SdBNP
005 20250110134237.0
007 ta
008 171224s2013 dr 000 0 spa d
020 _a9789945879537
040 _aDO-SdBNP
_bspa
_cBNPHU
_erda
041 _hspa
082 4 _axxxx
_bM313c
_222
100 1 _aMarcallé Abreu, Roberto,
_4aut.
_eautor
_96622
245 1 4 _aLas calles enemigas /
_cRoberto Marcallé Abreu
250 _aPrimera edición
264 4 _aSanto Domingo :
_bEditora Universidad Central del Este,
_c2013.
300 _a310 páginas ;
_c23 cm.
336 _atexto
_btxt
_2rdacontent
337 _bsin mediación
_an
_2rdamedia
338 _avolumen
_bnc
_2rdacarrier
590 _aInventariado, 2025/BT
650 _934660
910 _aBtavárez
942 _2ddc
_cLBS1
999 _c58027
_d58027